Histoire quaternaire et moderne de l'etang de Berre (côtes de la Méditerranée) / (Record no. 46142)

MARC details
000 -LEADER
campo de control de longitud fija 00424nam a2200145 i 4500
001 - NÚMERO DE CONTROL
campo de control 46142
003 - IDENTIFICADOR DE NÚMERO DE CONTROL
campo de control ES-MaACL
005 - FECHA Y HORA DE LA ÚLTIMA TRANSACCIÓN
campo de control 20230906161333.0
007 - CAMPO FIJO DE DESCRIPCIÓN FÍSICA--INFORMACIÓN GENERAL
campo de control de longitud fija t|
008 - DATOS DE LONGITUD FIJA--INFORMACIÓN GENERAL
campo de control de longitud fija 030328s1882 fr ||||1| fre d
100 1# - ENTRADA PRINCIPAL--NOMBRE DE PERSONA
Nombre de persona Collot, Louis.
9 (RLIN) 39755
245 10 - MENCIÓN DEL TÍTULO
Título Histoire quaternaire et moderne de l'etang de Berre (côtes de la Méditerranée) /
Mención de responsabilidad, etc. Louis Collot.
260 ## - PUBLICACIÓN, DISTRIBUCIÓN, ETC.
Lugar de publicación, distribución, etc. Suiport :
Nombre del editor, distribuidor, etc. [s.n.,
Fecha de publicación, distribución, etc. 1882]
852 ## - LOCALIZACIÓN
Ubicación ES-MaACL
Número de control de estantería T-904-F-9
Holdings
Estatus retirado Estado de pérdida Estado de daño No para préstamo Colección Biblioteca de origen Biblioteca actual Ubicación en estantería Fecha de adquisición Fuente de adquisición Total de préstamos Signatura topográfica completa Código de barras Visto por última vez Precio de reemplazo Tipo de ítem Koha
        Colección de folletos Biblioteca del Ateneo de Madrid Biblioteca del Ateneo de Madrid Depósito folletos 17/01/2008     T-904-F-9 1048538 23/02/2023 23/02/2023 Folleto